Die Pfefferkörner - 12. Generation - Statistiken

Allgemein
  • Dieses Quiz wurde 74 mal gespielt
  • Das Durchschnittsergebnis liegt bei 5 aus 6
Antwortstatistiken
Bildquiz Antwort % Korrekt
Louise "Lou" Flynt
92%
Philippa "Pippa" Flynt
88%
Pepper
84%
Rafael "Rafa" Celik
73%
Jet Ly
69%
Milan Celik
69%
Keine übereinstimmenden Quizze gefunden
Verteilung der Resultate
Anzahl Personen mit jedem Resultat
Perzentil nach korrekt beantworteten Fragen
Ihre Resultats-Entwicklung
Sie haben dieses Quiz noch nicht gespielt